00537cam a22002171 4500001001300000003000400013005001700017008004100034010001700075035002000092040001700112042001200129050001800141100001900159245004400178250001800222260003100240300001800271500001300289999001700302sa 68012848 DLC20260227112616.0940329s1966 io 000 1 jav  asa 68012848  a(OCoLC)30051930 aDLCcCUdDLC apremarc00aPL5179.W5bM31 aWidajat, Widi.10aMaido marang Pangeran.cGambar: S. Har. aTjaptjapan 1. aSemarang,b"Dawud,"c1966. a38 p.c15 cm. aA novel. c84782d84782